Ketiga sektor dalam organisasi marketing Indonesia, management perusahaan negara di Indonesia (Record no. 86546)

MARC details
000 -LEADER
fixed length control field 00618cam a22002171 4500
001 - CONTROL NUMBER
control field sa 68015595
003 - CONTROL NUMBER IDENTIFIER
control field DLC
005 - DATE AND TIME OF LATEST TRANSACTION
control field 20260227112644.0
008 - FIXED-LENGTH DATA ELEMENTS--GENERAL INFORMATION
fixed length control field 890108q19601968io 000 0 ind
010 ## - LIBRARY OF CONGRESS CONTROL NUMBER
LC control number sa 68015595
035 ## - SYSTEM CONTROL NUMBER
System control number (OCoLC)23554785
040 ## - CATALOGING SOURCE
Original cataloging agency DLC
Transcribing agency MiU
Modifying agency DLC
042 ## - AUTHENTICATION CODE
Authentication code premarc
050 00 - LIBRARY OF CONGRESS CALL NUMBER
Classification number HF5415.12.I6
Item number P35
100 1# - MAIN ENTRY--PERSONAL NAME
Personal name Panglaykim, J.
245 10 - TITLE STATEMENT
Title Ketiga sektor dalam organisasi marketing Indonesia, management perusahaan negara di Indonesia
260 ## - PUBLICATION, DISTRIBUTION, ETC.
Place of publication, distribution, etc. [Djakarta?]
Name of publisher, distributor, etc. Binakawan Study Club
Date of publication, distribution, etc. [196-?]
300 ## - PHYSICAL DESCRIPTION
Extent 67 l.
Dimensions 22 cm.
650 #0 - SUBJECT ADDED ENTRY--TOPICAL TERM
Topical term or geographic name entry element Marketing
650 #0 - SUBJECT ADDED ENTRY--TOPICAL TERM
Topical term or geographic name entry element Budget in business

No items available.

Powered by Koha